A Duna szerepe Dunaújváros és a környéki halfogyasztásban

Bibliográfiai részletek
Szerző: Lontai Zsófia
További közreműködők: Gundel Dr. János
Dokumentumtípus: Diplomadolgozat
Kulcsszavak:Halgazdálkodás, magyar
Aranyponty Halászati Zrt.
Élettani hatás, halhús
Étel, halas
Felmérés, kérdőíves
Online Access:http://dolgozattar.uni-bge.hu/59313

MARC

LEADER 00000nta a2200000 i 4500
001 dolg59313
005 20260109131837.0
008 260108suuuu hu om 000 hun d
040 |a BGE Dolgozattár Repozitórium  |b hun 
041 |a hu 
100 1 |a Lontai Zsófia 
245 1 2 |a A Duna szerepe Dunaújváros és a környéki halfogyasztásban  |c Lontai Zsófia  |h [elektronikus dokumentum] 
695 |a Halgazdálkodás, magyar 
695 |a Aranyponty Halászati Zrt. 
695 |a Élettani hatás, halhús 
695 |a Étel, halas 
695 |a Felmérés, kérdőíves 
700 1 |a Gundel Dr. János  |e ths 
856 4 0 |u http://dolgozattar.uni-bge.hu/59313/1/Lontai-Zsofia.pdf  |z Dokumentum-elérés